Foreign footballers in PL #10 Manchester United F.C. - Statistics

General Stats
  • This quiz has been taken 139 times
    134 since last reset
  • The average score is 7 of 10
Answer Stats
Nationality Footballer % Correct
Japan Shinji Kagawa
85%
Chile Alexis Sánchez
81%
Germany Bastian Schweinsteiger
78%
Argentina Ángel Di María, Marcos Rojo, Sergio Romero
76%
Wales Daniel James
71%
Colombia Falcao
69%
Italy Davide Petrucci, Matteo Darmian
68%
Northern Ireland Paddy McNair, Jonny Evans
66%
Nigeria Odion Ighalo
54%
Denmark Anders Lindegaard
25%
No matching quizzes found
Score Distribution
Percent of People with Each Score
Percentile by Number Answered
Your Score History
You have not taken this quiz since the last reset